000 00877nam a2200169 a 4500
008 120416s1999 ||||||||||||||||| || u
020 _a0074517120
050 _aGB 1197.7 Kar
100 _aKaranth, K. R
245 1 0 _aGround water assessment
246 _adevelopment and management
260 _aNew Delhi
_bTata McGraw-Hill
_c1999
350 _a0.00
995 _aMAIN LIBRARY OPEN ACCESS
_D0.00
_e732261
_FCBU-MAIN LIBRARY (Kitwe)
_H3
_I60.00
_jGB 1197.7 Kar
_M3
_UAVAILABLE
_WFeb 22, 2007
_y029753
_ZMain Library Open Access Collection
995 _aBINDERY (DAMAGED)
_D0.00
_e732262
_FCBU-MAIN LIBRARY (Kitwe)
_H1
_I60.00
_jGB 1197.7 Kar
_M1
_UDAMAGED
_WFeb 22, 2007
_y029751
_ZMain Library Open Access Collection
995 _aMAIN LIBRARY OPEN ACCESS
_D0.00
_e732263
_FCBU-MAIN LIBRARY (Kitwe)
_H2
_I60.00
_jGB 1197.7 Kar
_M2
_UAVAILABLE
_WFeb 22, 2007
_y029752
_ZMain Library Open Access Collection
999 _c76019
_d76019